|
|
|
|
| LEADER |
00763nam a2200265 4500 |
| 001 |
DLU100114569 |
| 005 |
##20101224 |
| 040 |
# |
# |
|a DLU
|b vie
|
| 041 |
# |
# |
|a vie
|
| 044 |
# |
# |
|a vn
|
| 245 |
# |
# |
|a Mạng không chia sẻ được tài nguyên trên vista /
|c Tin học và đời sống.
|
| 653 |
# |
# |
|a Ổ cứng
|
| 653 |
# |
# |
|a Máy tính
|
| 653 |
# |
# |
|a Tài nguyên
|
| 710 |
# |
# |
|a Tin học và đời sống.
|
| 773 |
# |
# |
|t Tin học và đời sống
|g Số 6(114), 2008, tr. 65
|
| 920 |
# |
# |
|a Phòng Tạp chí -- Trung tâm Thông tin - Thư viện Trường Đại học Đà Lạt
|
| 994 |
# |
# |
|a DLU
|
| 900 |
# |
# |
|a True
|
| 911 |
# |
# |
|a Nguyễn Thị Linh Chi
|
| 925 |
# |
# |
|a G
|
| 926 |
# |
# |
|a A
|
| 927 |
# |
# |
|a BB
|
| 980 |
# |
# |
|a Thư viện Trường Đại học Đà Lạt
|